INTERPRETATION OF STATUES (Record no. 8097)

MARC details
000 -LEADER
fixed length control field 00433nam a22001817a 4500
005 - DATE AND TIME OF LATEST TRANSACTION
control field 20230111123827.0
008 - FIXED-LENGTH DATA ELEMENTS--GENERAL INFORMATION
fixed length control field 221217b |||||||| |||| 00| 0 eng d
020 ## - INTERNATIONAL STANDARD BOOK NUMBER
ISBN 978-5035-861-0
041 ## - LANGUAGE CODE
Language code of text/sound track or separate title eng
082 ## - DEWEY DECIMAL CLASSIFICATION NUMBER
Classification number 344 DHA-I
100 ## - MAIN ENTRY--AUTHOR NAME
Personal name DHAND , AMITA
245 ## - TITLE STATEMENT
Title INTERPRETATION OF STATUES
250 ## - EDITION STATEMENT
Edition statement 12th ed.
260 ## - PUBLICATION, DISTRIBUTION, ETC. (IMPRINT)
Place of publication HARYANA
Name of publisher LEXIS NEXIS
Year of publication 2022
300 ## - PHYSICAL DESCRIPTION
Number of Pages 1015;P.
650 ## - SUBJECT ADDED ENTRY--TOPICAL TERM
Topical Term LAW
942 ## - ADDED ENTRY ELEMENTS (KOHA)
Koha item type Books
Holdings
Lost status Damaged status Collection code Home library Current library Shelving location Date acquired Source of acquisition Cost, normal purchase price Full call number Accession Number Koha item type
    LAW JRU Library JRU Library SHELF-30-B 21/10/2022 LOHIA BOOK INTERNATIONAL 1950.00 344-DHA-I 27038 Books
    LAW JRU Library JRU Library SHELF-30-B 21/10/2022 LOHIA BOOK INTERNATIONAL 1950.00 344-DHA-I 27039 Books